000
00259nam a2200109Ia 4500
008
200302s9999 xx 000 0 und d
100
_a
Henry Plummer
245
_a
The experience of Architecture
260
_b
Thames and Hudson
260
_c
2016
300
_a
287
999
_c
6244
_d
6244